Food aid for relief and development: An evaluation (Record no. 43728)

MARC details
000 -LEADER
fixed length control field 00403nam a2200157Ia 4500
008 - FIXED-LENGTH DATA ELEMENTS--GENERAL INFORMATION
fixed length control field 230917s9999||||xx |||||||||||||| ||und||
020 ## - ISBN
Price RS25
040 ## - CATALOGING SOURCE
-- 20009
Original cataloging agency VIVEKANANDA LIBRARY
041 ## - Language
-- English
082 ## - DDC NUMBER
Classification number 301.52 E733F
100 ## - MAIN ENTRY--PERSONAL NAME
Personal name Fonseca, A J
245 #0 - TITLE STATEMENT
Title Food aid for relief and development: An evaluation
260 ## - PUBLICATION, DISTRIBUTION, ETC. (IMPRINT)
Place of publication, distribution, etc N.Delhi
Name of publisher, distributor, etc Indian Social Institute
Date of publication, distribution, etc 1983
300 ## - PHYSICAL DESCRIPTION
Pages 136 p.
942 ## - ADDED ENTRY ELEMENTS (KOHA)
Koha item type Books
Holdings
Withdrawn status Lost status Damaged status Not for loan Location (home branch) Sublocation or collection (holding branch) Date acquired Koha issues (times borrowed) Koha full call number Accession No. Koha date last seen Koha item type
        VIVEKANANDA LIBRARY VIVEKANANDA LIBRARY 08/08/2002   301.52 E733F 110272 17/09/2023 Books
© Designed and Maintained by Vivekananda Library, MDU Rohtak